Swadhinottar bharatar rajniti (Record no. 8199)
[ view plain ]
| 000 -LEADER | |
|---|---|
| fixed length control field | 00516cam a2200205ua 4500 |
| 001 - CONTROL NUMBER | |
| control field | 9134 |
| 005 - DATE AND TIME OF LATEST TRANSACTION | |
| control field | 20260515114429.0 |
| 008 - FIXED-LENGTH DATA ELEMENTS--GENERAL INFORMATION | |
| fixed length control field | 150519n ii |||gr||||Z||||||asm |
| 040 ## - CATALOGING SOURCE | |
| Transcribing agency | MAIN |
| 041 ## - LANGUAGE CODE | |
| Language code of text/sound track or separate title | asm |
| 082 ## - DEWEY DECIMAL CLASSIFICATION NUMBER | |
| Classification number | 320.954 |
| 100 ## - MAIN ENTRY--PERSONAL NAME | |
| Personal name | Chakrabarty, A., |
| Relator term | Edtor. |
| 245 ## - TITLE STATEMENT | |
| Title | Swadhinottar bharatar rajniti |
| Statement of responsibility, etc. | Edited by A. Chakrabarty |
| 250 ## - EDITION STATEMENT | |
| Edition statement | 1st. |
| 260 ## - PUBLICATION, DISTRIBUTION, ETC. | |
| Place of publication, distribution, etc. | Guwahati: |
| Name of publisher, distributor, etc. | Jyoti, |
| Date of publication, distribution, etc. | 2011. |
| 300 ## - PHYSICAL DESCRIPTION | |
| Extent | 190p. |
| 653 ## - INDEX TERM--UNCONTROLLED | |
| Uncontrolled term | Political science |
| 653 ## - INDEX TERM--UNCONTROLLED | |
| Uncontrolled term | Indian politics after independence |
| 942 ## - ADDED ENTRY ELEMENTS (KOHA) | |
| Koha item type | Books |
| Withdrawn status | Lost status | Damaged status | Not for loan | Home library | Current library | Shelving location | Date acquired | Total checkouts | Full call number | Barcode | Date last seen | Date last checked out | Copy number | Price effective from | Koha item type |
|---|---|---|---|---|---|---|---|---|---|---|---|---|---|---|---|
| Naharkatiya College Library | Naharkatiya College Library | General stacks | 09/19/2020 | 3 | 320.954 | SWA | 20241 | 05/21/2024 | 05/15/2024 | 1 | 09/19/2020 | Books | ||||
| Naharkatiya College Library | Naharkatiya College Library | General stacks | 09/19/2020 | 3 | 320.954 | SWA | 20242 | 10/09/2024 | 09/05/2024 | 2 | 09/19/2020 | Books | ||||
| Naharkatiya College Library | Naharkatiya College Library | General stacks | 09/19/2020 | 3 | 320.954 | SWA | 20243 | 06/22/2024 | 06/22/2024 | 4 | 09/19/2020 | Books | ||||
| Naharkatiya College Library | Naharkatiya College Library | General stacks | 09/19/2020 | 320.954 | SWA | 20244 | 04/20/2023 | 3 | 09/19/2020 | Books | ||||||
| Naharkatiya College Library | Naharkatiya College Library | General stacks | 09/19/2020 | 4 | 320.954 | SWA | 20245 | 06/28/2025 | 06/27/2025 | 5 | 09/19/2020 | Books |